000 00519nam a2200181Ia 4500
005 20250326142051.0
008 250326s9999 xx 000 0 und d
037 _aTextbook
040 _aFMSL
_beng
_cFMSL
041 _aeng
_2eng
084 _aW:35 M7
_qFMSL
100 _aSharma M P
245 0 _aPublic administration in theory and practice
_cSharma M P; Sadana B L
260 _aNew Delhi
_bNew Delhi, Kitab Mahal
_c1987
300 _axiii,810.
942 _cTB
_hW:35 M7
999 _c1293284
_d1293284